000 00718nam a22002057a 4500
005 20161122110532.0
010 _aENG-116560
020 _a9789383649822
_c820.00
035 _aEN-100092
037 _bDBAD/PUB
082 _a327.54047
100 _aChandra Rekha
245 _aIndia-Russia post cold war relation :
_ba new epoch of cooperation /
_cby Chandra Rekha ; introduction by Vinod Pandey
260 _aNew Delhi
_bKW Publishers
_c2016
270 _a14th floor, building no 10, tower-B, DLF cyber city, Phase-II,
_bGurgaon (Haryana)
_e122002
300 _axxiii,222p.:
_c24cm(Hb)
_bill (maps)
500 _aIncluded index
700 _aPandey,Vinod
942 _2ddc
_cEN
_h327.54047
_mCHA
999 _c104652
_d104652